Online
Catalog

Informe anual de UNICEF. (Record no. 40223)

MARC details
000 -CABECERA
campo de control de longitud fija 00429nam a2200157 a 4500
001 - NÚMERO DE CONTROL
campo de control 000040733
005 - FECHA Y HORA DE LA ÚLTIMA TRANSACCIÓN
campo de control 20240528201512.0
008 - DATOS DE LONGITUD FIJA--INFORMACIÓN GENERAL
campo de control de longitud fija 130905s2012 xxuac 000 0 spa d
020 ## - NÚMERO INTERNACIONAL ESTÁNDAR DEL LIBRO
Número Internacional Estándar del Libro 9789280646955
040 ## - FUENTE DE LA CATALOGACIÓN
Centro catalogador/agencia de origen DO-SdBNP
Lengua de catalogación spa
Centro/agencia transcriptor BNPHU
082 ## - NÚMERO DE LA CLASIFICACIÓN DECIMAL DEWEY
Número de clasificación xxxx
Número de documento/Ítem xxxx
245 00 - MENCIÓN DE TÍTULO
Título Informe anual de UNICEF.
260 ## - PUBLICACIÓN, DISTRIBUCIÓN, ETC.
Lugar de publicación, distribución, etc. New York, Estados Unidos :
Nombre del editor, distribuidor, etc. UNICEF,
Fecha de publicación, distribución, etc. 2012.
300 ## - DESCRIPCIÓN FÍSICA
Extensión 44 P. :
Otras características físicas il., retr. ;
Dimensiones 28 cm.
710 2# - PUNTO DE ACCESO ADICIONAL--NOMBRE DE ENTIDAD CORPORATIVA
Nombre de entidad corporativa o nombre de jurisdicción como elemento de entrada UNICEF
9 (RLIN) 83236
Holdings
Estado de retiro Estado de pérdida Restricciones de uso No para préstamo Código de colección Localización permanente Ubicación/localización actual Ubicación en estantería Fecha de adquisición Número de inventario Total de préstamos Signatura topográfica completa Código de barras Fecha visto por última vez Precio válido a partir de Tipo de ítem Koha
      Excluido de préstamo Monografías: Libros y Folletos General General En catalogación 05.09.2013 LF1   xxxx xxxx 40733-10 25.06.2020 25.06.2020 No se presta

Powered by Koha